Gadi ke phool / (Record no. 8443)
[ view plain ]
| 000 -LEADER | |
|---|---|
| fixed length control field | 00452cam a2200193ua 4500 |
| 041 ## - LANGUAGE CODE | |
| Language code of text/sound track or separate title | hin |
| 082 ## - DEWEY DECIMAL CLASSIFICATION NUMBER | |
| Classification number | 891.54 |
| Item number | SUM/GA |
| 100 ## - MAIN ENTRY--AUTHOR NAME | |
| Personal name | Sumitrananda, Pant. |
| 245 ## - TITLE STATEMENT | |
| Title | Gadi ke phool / |
| 250 ## - EDITION STATEMENT | |
| Edition statement | 2 / |
| 260 ## - PUBLICATION, DISTRIBUTION, ETC. (IMPRINT) | |
| Place of publication | : |
| Name of publisher | Rajpal and Sanch , |
| Year of publication | 1962. |
| 300 ## - PHYSICAL DESCRIPTION | |
| Number of Pages | 171 ; . |
| 700 1# - ADDED ENTRY--PERSONAL NAME | |
| Personal name | Bachan, . |
| 942 ## - ADDED ENTRY ELEMENTS (KOHA) | |
| Koha item type | Books |
| Withdrawn status | Lost status | Damaged status | Home library | Current library | Date acquired | Full call number | Accession Number | Koha item type | Public note |
|---|---|---|---|---|---|---|---|---|---|
| Withdrawn | KAUAET | Sanskrit University | 07/04/2012 | 891.54 | 6308 | Books | Transferred to Sanskrit University |
